000
00253nam a2200109Ia 4500
008
190216s9999||||xx |||||||||||||| ||und||
100
_a
Negi B S
245
0
_a
Economic And Commercial Geography
260
_b
S Chand & Co
650
_a
History
942
_c
BK
999
_c
9626
_d
9626